Gares sur les lignes de Haute-Savoie - Statistiques

Statistiques générales
  • Ce quiz a été pris 82 fois
  • Le résultat moyen est 13 sur 29
Statistiques - réponses
Embranchement Département Gare % Correct
0 (74) Annecy
88%
0 Haute-Savoie (74) Annemasse
80%
2 Ain (01) Bellegarde
70%
1 (74) Bonneville
70%
1 (74) Cluses
68%
0 Haute-Savoie (74) La Roche-sur-Foron
67%
1 (74) Sallanches - Combloux - Megèves
65%
2 Haute-Savoie (74) Evian-les-Bains
64%
2 (74) Thonon-les-Bains
64%
0 Haute-Savoie (74) Rumilly
58%
2 (74) Saint-Julien-en-Genevois
55%
1 Haute-Savoie (74) Saint-Gervais-les-Bains-Le Fayet
52%
0 (74) Reignier
46%
1 (74) Marignier
45%
1 (74) Magland
39%
1 (74) Saint-Pierre-en-Faucigny
39%
0 Savoie (73) Aix-les-Bains - Le Revard
38%
0 Savoie (73) Albens
35%
2 (74) Bons-en-Chablais
32%
2 Haute-Savoie (74) Valleiry
32%
0 (73) Grésy-sur-Aix
30%
0 (74) Pringy
30%
0 (74) Groisy - Thorens - la-Caille
29%
2 (74) Machilly
29%
2 (74) Perrignier
28%
2 Ain (01) Culoz
20%
2 (01) Seyssel - Corbonod
13%
3 Suisse La Plaine
10%
3 Ain (01) Pougny - Chancy
10%
Aucun quiz correspondant
Distribution des résultats
% des personnes avec chaque résultat
Percentile par nombre de réponses
Votre historique - résultats
Vous n’avez pas pris ce quiz